| 000 | 00483nam a2200181 a 4500 | ||
|---|---|---|---|
| 001 | 5380 | ||
| 003 | CO-ViMGA | ||
| 008 | 141112s2004 ck r 000 u spa d | ||
| 040 |
_aCO-ViMGA _bspa _cCO-ViMGA |
||
| 082 | 0 | 4 | _aR796.334 P373r |
| 100 | 1 | _aPerea, Rosero Tucidides | |
| 245 | 1 | 0 | _aReglamento de fútbol |
| 260 |
_aBogotá : _bPanAméricana, _c1991 |
||
| 300 | _a203 p : il | ||
| 590 | _aDatos de inventario : 05458 | ||
| 650 | 1 | 4 |
_aFUTBOL - REGLAMENTOS _94021 |
| 942 |
_2ddc _cBK |
||
| 999 |
_c17371 _d17371 |
||